| 000 | 00521nam a2200181Ia 4500 | ||
|---|---|---|---|
| 003 | IN-BaIIA | ||
| 008 | 211028s9999 xx 000 0 eng d | ||
| 020 | _a0-19-564211-2 | ||
| 040 | _cIIA Library | ||
| 080 |
_a524.834 _bHAW |
||
| 100 | _aPenrose, Roger | ||
| 245 | 0 |
_aNature of space and time _cStephen Hawking and Roger Penrose |
|
| 260 |
_aOxford _bOxford University Press _c1998 |
||
| 300 | _aviii, 141p. | ||
| 650 |
_aSpace _93725 |
||
| 650 |
_atime _92741 |
||
| 942 | _cBK | ||
| 999 |
_c12554 _d12554 |
||